| 000 | 00415nam a22001577a 4500 | ||
|---|---|---|---|
| 008 | 220513b |||||||| |||| 00| 0 eng d | ||
| 020 | _a0198062303 | ||
| 050 |
_aHB172 _b.S25 2009 |
||
| 100 | _aSalvatore, Dominick | ||
| 245 |
_aPrinciples of Microeconomics _cDominick Salvatore |
||
| 250 | _a5th ed. | ||
| 260 |
_aNew Delhi _bOUP _c2009 |
||
| 300 | _axxxv, 633p. | ||
| 650 | _aMicroeconomics | ||
| 942 |
_2lcc _cBK |
||
| 999 |
_c19308 _d19307 |
||